000 00614nam a2200205 i 4500
999 _c101283
_d101283
001 C2-0296863
003 PPAK
005 20190625155742.0
008 090428s xx |||| ||||| | may d
040 _aPPAK
_beng
_cPPAK
_erda
082 0 4 _a378.155
_223
090 0 0 _a378.155
_bAKT
_dKIH
245 0 0 _aAkta pengajian siswazah dan jadual kepada akta pengajian siswazah untik program sarjana dan doktor falsafah
264 1 _bUniversiti kebangsaan malaysia ,
300 _a16 pages ;
_c21 cm
336 _2rdacontent
_atext
337 _2rdamedia
_aunmediated
338 _2rdacarrier
_avolume
942 _cB
_2ddc